| 000 | 00335nam a22001337a 4500 | ||
|---|---|---|---|
| 008 | 181220b xxu||||| |||| 00| 0 eng d | ||
| 020 | _a9780834207554 | ||
| 041 | _aeng | ||
| 080 | _a612.39 | ||
| 100 | _a10 | ||
| 101 | _aNUT | ||
| 245 |
_aNutrition Counseling Skills for Medical Nutrition Therapy _cSnetselaar,L.G |
||
| 942 |
_2udc _cBK |
||
| 999 |
_c53579 _d53579 |
||